<?xml version="1.0" encoding="UTF-8"?>
<record
    xmlns:xsi="http://www.w3.org/2001/XMLSchema-instance"
    xsi:schemaLocation="http://www.loc.gov/MARC21/slim http://www.loc.gov/standards/marcxml/schema/MARC21slim.xsd"
    xmlns="http://www.loc.gov/MARC21/slim">

  <leader>00800nam a22001577a 4500</leader>
  <controlfield tag="003">OSt</controlfield>
  <controlfield tag="005">20150927111254.0</controlfield>
  <controlfield tag="008">150927b        xxu||||| |||| 00| 0 eng d</controlfield>
  <datafield tag="040" ind1=" " ind2=" ">
    <subfield code="c">RUA</subfield>
  </datafield>
  <datafield tag="082" ind1=" " ind2=" ">
    <subfield code="a">ATM.Sp DIE 2003 B058 Or.1</subfield>
  </datafield>
  <datafield tag="100" ind1=" " ind2=" ">
    <subfield code="9">1412</subfield>
    <subfield code="a">DIEP, PISETH.</subfield>
  </datafield>
  <datafield tag="245" ind1=" " ind2=" ">
    <subfield code="a">Rice seed multiplication program of community based rural development project (CBRDP) cooperated with farmers in kompong thom province, &#x1780;&#x1798;&#x17D2;&#x1798;&#x179C;&#x17B7;&#x1792;&#x17B8;&#x1796;&#x1784;&#x17D2;&#x179A;&#x17B8;&#x1780;&#x1782;&#x17D2;&#x179A;&#x17B6;&#x1794;&#x17CB;&#x1796;&#x17BC;&#x1787;&#x179F;&#x17D2;&#x179A;&#x17BC;&#x179C;&#x179A;&#x1794;&#x179F;&#x17CB;&#x1782;&#x17C6;&#x179A;&#x17C4;&#x1784;&#x17A2;&#x1797;&#x17B7;&#x179C;&#x178C;&#x17D2;&#x178D;&#x1793;&#x17CD;&#x179F;&#x17A0;&#x1782;&#x1798;&#x1793;&#x17CD;&#x17C6;&#x1798;&#x17BC;&#x179B;&#x178A;&#x17D2;&#x178B;&#x17B6;&#x1793;&#x1787;&#x1793;&#x1794;&#x1791; &#x179F;&#x17A0;&#x1780;&#x17B6;&#x179A;&#x1787;&#x17B6;&#x1798;&#x17BD;&#x1799;&#x1780;&#x179F;&#x17B7;&#x1780;&#x179A; &#x1793;&#x17C5;&#x1780;&#x17D2;&#x1793;&#x17BB;&#x1784;&#x1781;&#x17C1;&#x178F;&#x17D2;&#x178F;&#x1780;&#x17C6;&#x1796;&#x1784;&#x17CB;&#x1792;&#x17C6;</subfield>
  </datafield>
  <datafield tag="260" ind1=" " ind2=" ">
    <subfield code="a">Phnom Penh</subfield>
    <subfield code="b">RUA</subfield>
    <subfield code="c">2003</subfield>
  </datafield>
  <datafield tag="300" ind1=" " ind2=" ">
    <subfield code="a">58p.</subfield>
    <subfield code="b">ill.</subfield>
    <subfield code="c">29cm.</subfield>
  </datafield>
  <datafield tag="942" ind1=" " ind2=" ">
    <subfield code="2">ddc</subfield>
    <subfield code="c">ATMSP</subfield>
  </datafield>
  <datafield tag="999" ind1=" " ind2=" ">
    <subfield code="c">1327</subfield>
    <subfield code="d">1327</subfield>
  </datafield>
  <datafield tag="952" ind1=" " ind2=" ">
    <subfield code="0">0</subfield>
    <subfield code="1">0</subfield>
    <subfield code="2">ddc</subfield>
    <subfield code="4">0</subfield>
    <subfield code="6">ATM__SP_DIE_2003_000000000000000_B058_OR_1</subfield>
    <subfield code="7">0</subfield>
    <subfield code="9">5746</subfield>
    <subfield code="a">LBB</subfield>
    <subfield code="b">LBB</subfield>
    <subfield code="c">B058</subfield>
    <subfield code="d">2015-09-27</subfield>
    <subfield code="o">ATM.Sp DIE 2003 B058 Or.1</subfield>
    <subfield code="p">RUA001540</subfield>
    <subfield code="r">2015-09-27</subfield>
    <subfield code="w">2015-09-27</subfield>
    <subfield code="y">ATMSP</subfield>
  </datafield>
  <datafield tag="952" ind1=" " ind2=" ">
    <subfield code="0">0</subfield>
    <subfield code="1">0</subfield>
    <subfield code="2">ddc</subfield>
    <subfield code="4">0</subfield>
    <subfield code="6">ATM__SP_DIE_2003_000000000000000_B058_OR_2</subfield>
    <subfield code="7">0</subfield>
    <subfield code="9">5747</subfield>
    <subfield code="a">LBB</subfield>
    <subfield code="b">LBB</subfield>
    <subfield code="c">B058</subfield>
    <subfield code="d">2015-09-27</subfield>
    <subfield code="o">ATM.Sp DIE 2003 B058 Or.2</subfield>
    <subfield code="p">RUA001236</subfield>
    <subfield code="r">2015-09-27</subfield>
    <subfield code="w">2015-09-27</subfield>
    <subfield code="y">ATMSP</subfield>
  </datafield>
  <datafield tag="952" ind1=" " ind2=" ">
    <subfield code="0">0</subfield>
    <subfield code="1">0</subfield>
    <subfield code="2">ddc</subfield>
    <subfield code="4">0</subfield>
    <subfield code="6">ATM__SP_DIE_2003_000000000000000_B058_OR_3</subfield>
    <subfield code="7">0</subfield>
    <subfield code="9">5748</subfield>
    <subfield code="a">LBB</subfield>
    <subfield code="b">LBB</subfield>
    <subfield code="c">B058</subfield>
    <subfield code="d">2015-09-27</subfield>
    <subfield code="o">ATM.Sp DIE 2003 B058 Or.3</subfield>
    <subfield code="p">RUA001164</subfield>
    <subfield code="r">2015-09-27</subfield>
    <subfield code="w">2015-09-27</subfield>
    <subfield code="y">ATMSP</subfield>
  </datafield>
  <datafield tag="952" ind1=" " ind2=" ">
    <subfield code="0">0</subfield>
    <subfield code="1">0</subfield>
    <subfield code="2">ddc</subfield>
    <subfield code="4">0</subfield>
    <subfield code="6">ATM__SP_DIE_2003_000000000000000_B058_OR_4</subfield>
    <subfield code="7">0</subfield>
    <subfield code="9">5749</subfield>
    <subfield code="a">LBB</subfield>
    <subfield code="b">LBB</subfield>
    <subfield code="c">B058</subfield>
    <subfield code="d">2015-09-27</subfield>
    <subfield code="o">ATM.Sp DIE 2003 B058 Or.4</subfield>
    <subfield code="p">RUA001086</subfield>
    <subfield code="r">2015-09-27</subfield>
    <subfield code="w">2015-09-27</subfield>
    <subfield code="y">ATMSP</subfield>
  </datafield>
  <datafield tag="952" ind1=" " ind2=" ">
    <subfield code="0">0</subfield>
    <subfield code="1">0</subfield>
    <subfield code="2">ddc</subfield>
    <subfield code="4">0</subfield>
    <subfield code="6">ATM__SP_DIE_2003_000000000000000_B058_OR_5</subfield>
    <subfield code="7">0</subfield>
    <subfield code="9">5750</subfield>
    <subfield code="a">LBB</subfield>
    <subfield code="b">LBB</subfield>
    <subfield code="c">B058</subfield>
    <subfield code="d">2015-09-27</subfield>
    <subfield code="o">ATM.Sp DIE 2003 B058 Or.5</subfield>
    <subfield code="p">RUA001292</subfield>
    <subfield code="r">2015-09-27</subfield>
    <subfield code="w">2015-09-27</subfield>
    <subfield code="y">ATMSP</subfield>
  </datafield>
  <datafield tag="952" ind1=" " ind2=" ">
    <subfield code="0">0</subfield>
    <subfield code="1">0</subfield>
    <subfield code="2">ddc</subfield>
    <subfield code="4">0</subfield>
    <subfield code="6">ATM__SP_DIE_2003_000000000000000_B058_OR_6</subfield>
    <subfield code="7">0</subfield>
    <subfield code="9">5751</subfield>
    <subfield code="a">LBB</subfield>
    <subfield code="b">LBB</subfield>
    <subfield code="c">B058</subfield>
    <subfield code="d">2015-09-27</subfield>
    <subfield code="o">ATM.Sp DIE 2003 B058 Or.6</subfield>
    <subfield code="p">RUA001436</subfield>
    <subfield code="r">2015-09-27</subfield>
    <subfield code="w">2015-09-27</subfield>
    <subfield code="y">ATMSP</subfield>
  </datafield>
  <datafield tag="952" ind1=" " ind2=" ">
    <subfield code="0">0</subfield>
    <subfield code="1">0</subfield>
    <subfield code="2">ddc</subfield>
    <subfield code="4">0</subfield>
    <subfield code="6">ATM__SP_DIE_2003_000000000000000_B058_OR_7</subfield>
    <subfield code="7">0</subfield>
    <subfield code="9">5752</subfield>
    <subfield code="a">LBB</subfield>
    <subfield code="b">LBB</subfield>
    <subfield code="c">B058</subfield>
    <subfield code="d">2015-09-27</subfield>
    <subfield code="o">ATM.Sp DIE 2003 B058 Or.7</subfield>
    <subfield code="p">RUA001397</subfield>
    <subfield code="r">2015-09-27</subfield>
    <subfield code="w">2015-09-27</subfield>
    <subfield code="y">ATMSP</subfield>
  </datafield>
  <datafield tag="952" ind1=" " ind2=" ">
    <subfield code="0">0</subfield>
    <subfield code="1">0</subfield>
    <subfield code="2">ddc</subfield>
    <subfield code="4">0</subfield>
    <subfield code="6">ATM__SP_DIE_2003_000000000000000_B058_OR_8</subfield>
    <subfield code="7">0</subfield>
    <subfield code="9">5753</subfield>
    <subfield code="a">LBB</subfield>
    <subfield code="b">LBB</subfield>
    <subfield code="c">B058</subfield>
    <subfield code="d">2015-09-27</subfield>
    <subfield code="o">ATM.Sp DIE 2003 B058 Or.8</subfield>
    <subfield code="p">RUA001160</subfield>
    <subfield code="r">2015-09-27</subfield>
    <subfield code="w">2015-09-27</subfield>
    <subfield code="y">ATMSP</subfield>
  </datafield>
</record>
